[Event "EYCC Girls U16 2021"]
[Site "Tornelo"]
[Date "2021.10.15"]
[Round "7.10"]
[White "Dietz, Kristin"]
[Black "Shuqja, Klean"]
[Result "0-1"]
[WhiteElo "1924"]
[BlackElo "1877"]
[Annotator "TA"]
[PlyCount "84"]
[EventDate "2021.10.15"]
[EventType "swiss"]
[EventCountry "NET"]
[SourceTitle "playchess.com"]
[Source "ChessBase"]
[SourceQuality "1"]

{[%evp 12,84,54,25,20,19,26,22,29,17,32,22,19,25,20,26,28,0,1,0,0,-5,0,0,0,-7,-8,-15,0,0,0,0,0,-45,-56,-394,-391,-389,-397,-397,-394,-433,-387,-370,-352,-385,-375,-429,-429,-460,-426,-735,-418,-602,-595,-665,-667,-655,-656,-647,-620,-633,-569,-649,-585,-618,-534,-29992,-29993,-29993,-29994,-29994,-29995,-29995,-29996]} 1. e4 e6 2. d4 d5 3. Nd2 dxe4 4. Nxe4 Nd7 5. Nf3 Ngf6 6. Nxf6+ Nxf6 7. g3 {7.Be3 is the modern continuation.} b6 {C10: French with 3 Nc3: Unusual Black 3rd moves and 3...dxe4.} 8. Bb5+ {8.Bg2 is not played anymore.} Bd7 9. a4 a6 {The position is equal.} 10. Be2 Bc6 11. O-O Be7 12. Ne5 Bb7 13. Bf3 Bxf3 {[#]} 14. Nxf3 $146 ({Predecessor:} 14. Qxf3 Qd5 15. Qe3 b5 16. axb5 axb5 17. Rxa8+ Qxa8 18. Bd2 O-O 19. Qb3 Rb8 20. Bb4 {0-1 (57) Shahade,G (2476)-Meier,G (2628) Chess.com INT 2021}) 14... O-O 15. c4 c5 16. b3 Qc7 17. Bb2 Rfd8 18. Qc2 Qb7 19. Qe2 Rac8 20. Rad1 h6 21. Rfe1 {Black should prevent d5!} cxd4 22. Nxd4 Bb4 23. Nxe6 $2 {[%mdl 8192] This costs White the game.} (23. Rf1 $15) 23... Re8 $19 {[%mdl 64] [#] Pin, Zwischenzug} (23... fxe6 24. Rxd8+ Rxd8 25. Qxe6+ Kh7 26. Qf5+ Kg8 27. Qe6+ Qf7 28. Qxb6 $11) 24. Bxf6 {Strongly threatening Qg4.} Rxe6 {[%mdl 64] Double Attack} 25. Qg4 {[%csl Gf6][%cal Rg4g7]} Rxf6 26. Re2 Rf8 27. Rd5 Qc8 28. Qd4 Bc5 29. Qd2 {If White can now play b4 this consolidates a bit.} a5 30. Kg2 Re6 ({Not} 30... Qg4 31. Qd3 $19) 31. Rxe6 (31. Ree5 $142) 31... Qxe6 32. f3 (32. Qd3 $142) 32... Re8 33. Rd8 Rxd8 34. Qxd8+ Kh7 {[#] ( -> ...Qe2+)} 35. Qd3+ Qg6 36. Qd1 Qd6 37. Qc2+ g6 38. Qe2 Qd4 39. Qe8 Qf2+ {Black mates.} 40. Kh3 Qf1+ 41. Kg4 f5+ 42. Kf4 Qc1+ {Weighted Error Value: White=0.49/Black=0.19} 0-1

[Event "EYCC Girls U16 2021"]
[Site "Tornelo"]
[Date "2021.10.15"]
[Round "7.11"]
[White "Perez Garcia, Jimena"]
[Black "Hertlein, Irena"]
[Result "1/2-1/2"]
[WhiteElo "1914"]
[BlackElo "1741"]
[Annotator "TA"]
[PlyCount "107"]
[EventDate "2021.10.15"]
[EventType "swiss"]
[EventCountry "NET"]
[SourceTitle "playchess.com"]
[Source "ChessBase"]
[SourceQuality "1"]

{[%evp 15,107,-2,0,7,11,18,2,11,0,8,13,21,18,27,22,-23,-22,-16,-34,-33,0,0,0,-29,38,38,27,32,60,53,86,70,139,135,141,135,148,148,143,137,181,70,66,69,107,107,107,106,101,98,117,117,125,118,123,90,91,82,77,80,79,72,97,96,97,0,73,55,67,0,0,0,0,0,4,9,76,45,42,-215,-204,-29987,-888,-29988,-29989,-29989,-29990,-29990,0,-29980,0,-29990,0,-29975]} 1. d4 Nf6 2. c4 e6 3. Nc3 Bb4 4. Qc2 d6 5. a3 Bxc3+ 6. Qxc3 O-O 7. Bg5 Nbd7 8. e3 {8.e3 has become a bit dusty these days.} b6 9. Ne2 {E32: Nimzo-Indian: Classical (4 Qc2): 4...0-0.} h6 10. Bh4 Bb7 11. Qc2 c5 12. Rd1 cxd4 {is the legacy move (12...Qe7).} 13. Nxd4 a6 14. f3 Rc8 {[#]} 15. Bd3 $146 ({Predecessor:} 15. b3 d5 16. Qb2 dxc4 17. Bxc4 Qe7 18. O-O Ne5 19. e4 Rfd8 20. Be2 Ng6 21. Bf2 {½-½ (49) Miciak,E (2356)-Makovsky,P (2517) ICCF email 2008}) 15... b5 16. Qe2 bxc4 17. Bxc4 Ne5 18. Ba2 Qa5+ 19. Kf2 {With the idea Bxf6.} Nd5 (19... g5 $11 20. Bg3 Qb6) 20. Rhe1 $14 Qb6 21. Kg1 Nc6 22. Bb1 Nxd4 23. Rxd4 Rc7 ({Black should try} 23... Rc6 $14) 24. Qd3 $16 {[%csl Gb1][%cal Rd3h7]} f5 {[#]} 25. Qd2 Rc6 26. Bf2 Nf6 27. e4 fxe4 28. Rdxe4 ({White has to play} 28. Bxe4 $18 d5 29. Bc2) 28... Nxe4 $14 29. Bxe4 Qb3 30. Bxc6 Bxc6 31. Qxd6 {[%mdl 64] [#] Double Attack} Bd5 32. Bd4 a5 33. Qe7 {[%csl Gd4][%cal Re7g7]} Rf7 34. Qd8+ Rf8 35. Qxa5 Rxf3 36. Qc7 {[%csl Gd4][%cal Rc7g7]} ({Don't go for} 36. gxf3 $2 Qxf3 37. Re4 (37. Qd8+ $2 Kh7 $19) 37... Qxe4 $19) 36... Rf7 37. Qc3 Qb7 38. Qg3 Rc7 {next ...Rc2 is good for Black.} 39. Bc3 Rf7 40. Bd4 Rc7 $1 {Threatening ...Rc2.} 41. Qg6 Rc4 42. Bc3 (42. Be5 $14) 42... Qa7+ $11 43. Kh1 Rf4 $1 44. Qg3 Rf2 (44... Rf5 $5 {[%cal Rf5g5]} 45. Rg1 Rg5 $11) 45. Rg1 {Threatens to win with Bxg7!} Rf7 (45... Rf5 $1 $11) 46. h3 Rf5 47. Rd1 $2 {[%mdl 8192]} (47. Be5 $14 {stays ahead.}) 47... Rg5 $19 48. Qd6 (48. Qh2 $19) 48... Bxg2+ 49. Kh2 Bd5 {[%cal Ra7f2]} 50. Rd4 Rg2+ 51. Kh1 Rg5+ 52. Kh2 Rg2+ 53. Kh1 Rg5+ 54. Kh2 {[%mdl 32768] What a bad dream for White.  Weighted Error Value: White=0.34/Black=0.39. An unexpected result.} 1/2-1/2

[Event "EYCC Girls U16 2021"]
[Site "Tornelo"]
[Date "2021.10.15"]
[Round "7.12"]
[White "Mroz, Lena"]
[Black "Doll, Rebecca"]
[Result "1-0"]
[WhiteElo "1775"]
[BlackElo "1970"]
[Annotator "TA"]
[PlyCount "113"]
[EventDate "2021.10.15"]
[EventType "swiss"]
[EventCountry "NET"]
[SourceTitle "playchess.com"]
[Source "ChessBase"]
[SourceQuality "1"]

{[%evp 20,113,51,53,68,7,6,-39,3,-9,86,82,103,89,93,97,85,79,93,59,71,58,109,110,140,137,279,147,314,153,490,506,720,701,717,717,714,687,635,495,481,493,649,534,702,677,817,825,822,795,724,678,625,529,700,686,758,709,737,713,722,683,1497,1496,29969,29967,29970,29971,29976,29977,29977,29978,29978,29979,4133,29980,29974,29977,29987,29988,29988,29989,29989,29990,29990,29991,29991,29991,29991,29987,29991,29992,29996,29997,29997,29998]} 1. e4 e5 2. Nf3 Nc6 3. d4 exd4 4. Nxd4 Nf6 5. Nxc6 bxc6 6. e5 Qe7 7. Qe2 Nd5 8. c4 Ba6 9. b3 g6 10. f4 Bg7 11. Qf2 Nb6 {C45: Scotch Game.} 12. Be2 (12. Ba3 $14 d6 13. Nc3) 12... d6 $11 13. Bb2 O-O {[%cal Rd6e5] Black is slightly better.} 14. O-O Nd7 (14... dxe5 $11 15. Ba3 Qf6 16. Bxf8 Rxf8) 15. Bf3 $16 Bb7 {[%cal Rd6e5] [#]} 16. exd6 $1 cxd6 17. Bxg7 Kxg7 18. Nc3 {[#]} Qf6 $146 ({Predecessor:} 18... Nf6 19. Rad1 Rfd8 20. Rd3 d5 21. cxd5 cxd5 22. Rfd1 Qc7 23. Qd4 Qb6 24. Nxd5 Bxd5 25. Bxd5 Rxd5 26. Qxb6 axb6 27. Rxd5 Nxd5 28. Rxd5 Rxa2 {½-½ (38) Van der Wiel,J (2555)-Beliavsky,A (2640) Groningen 1994}) 19. Ne4 Qxf4 20. Qd4+ (20. g3 $5 {[%cal Rg3f4]} Qe5 21. Rae1 $16) 20... Ne5 (20... Qe5 $1 $14 21. Qxd6 Rad8) 21. g3 Qf5 22. Bg2 $36 {[%mdl 2048] White has strong initiative.} (22. Nxd6 $6 Qf6 $14) 22... Qd7 {[#]} (22... Qe6 $16) 23. Rad1 ({Less strong is} 23. Qxd6 Qxd6 24. Nxd6 Ba6 $14) ({But not} 23. Nxd6 $6 f6 $16) (23. c5 $1 $18 {[%cal Rc5d6]}) 23... Rad8 $2 (23... Qe7 $16 {was called for.} 24. Nxd6 (24. Qxd6 Qxd6 25. Nxd6 Rab8 $14) 24... Rad8) 24. Nxd6 ({Not} 24. Qxd6 Qxd6 25. Nxd6 Bc8 $14) (24. c5 $18) 24... f6 $2 {A mistake that costs the game.} (24... Qe7 $16 25. g4 h6) 25. Qxa7 $18 Rb8 {[#]} 26. Nf5+ $1 {[%mdl 576] Discovered Attack} Qxf5 (26... gxf5 27. Rxd7+) 27. Rxf5 gxf5 28. Rd6 Kg6 29. Qc5 {Hoping for Qxe5.} Rfe8 30. h4 Ra8 31. a4 Re7 32. h5+ Kg7 {[#]} 33. Rd8 $3 {[%mdl 512]} Rf7 (33... Kf7 34. Rxa8) 34. Rxa8 Bxa8 35. Qe3 Rd7 36. Bh3 Rd1+ 37. Kf2 c5 {intending ...Be4.} 38. Bxf5 Rd4 39. b4 Rxc4 40. bxc5 Rxa4 {and the idea ...Ra2+ leaves Black hopeful.} 41. h6+ Kf8 42. Qb3 Bc6 43. Qb8+ Be8 44. Qd6+ {[%mdl 64] Double Attack} Kf7 45. Qe6+ Kf8 46. Qxf6+ Nf7 47. Bxh7 Ra2+ {White mates.} 48. Kg1 Rd2 49. Bg6 Rd1+ 50. Kf2 Rd2+ 51. Ke3 Rg2 52. h7 {[%csl Gf6][%cal Rh7h8]} Rxg3+ 53. Kf2 {[%csl Gf6][%cal Rh7h8]} Rh3 54. Bxf7 Rh2+ 55. Kg3 Bxf7 56. Kxh2 {[%cal Rh7h8]} Ke8 57. h8=Q+ {Weighted Error Value: White=0.24/Black=0.54} 1-0

[Event "EYCC Girls U16 2021"]
[Site "Tornelo"]
[Date "2021.10.15"]
[Round "8.1"]
[White "Shpakivskaya, Alina"]
[Black "Kanyamarala, Trisha"]
[Result "1/2-1/2"]
[WhiteElo "1875"]
[BlackElo "2082"]
[Annotator "ChessBase"]
[PlyCount "88"]
[EventDate "2021.10.15"]
[EventType "swiss"]
[EventCountry "NET"]
[SourceTitle "playchess.com"]
[Source "ChessBase"]
[SourceQuality "1"]
[TimeControl "5400+30"]

1. d4 {[%emt 0:00:30]} Nf6 {[%emt 0:00:52]} 2. Nc3 {[%emt 0:00:11]} d5 {[%emt 0:00:41]} 3. Bg5 {[%emt 0:00:11]} Bf5 {[%emt 0:03:05]} 4. Nf3 {[%emt 0:01:16]} h6 {[%emt 0:01:45]} 5. Bh4 {[%emt 0:01:46]} e6 {[%emt 0:02:38]} 6. e3 {[%emt 0:00:44]} a6 {[%emt 0:03:23]} 7. Bd3 {[%emt 0:00:52]} Bxd3 {[%emt 0:10:04]} 8. cxd3 {[%emt 0:00:50]} Be7 {[%emt 0:09:45]} 9. Qb3 {[%emt 0:03:23]} Ra7 {[%emt 0:05:52]} 10. O-O {[%emt 0:03:45]} Nbd7 {[%emt 0:02:58]} 11. Ne5 {[%emt 0:02:19]} O-O {[%emt 0:06:15]} 12. Rac1 {[%emt 0:04:47]} Nxe5 {[%emt 0:13:31]} 13. dxe5 {[%emt 0:01:00]} Nd7 {[%emt 0:01:25]} 14. Bxe7 {[%emt 0:00:37]} Qxe7 {[%emt 0:00:06]} 15. d4 {[%emt 0:00:42]} c5 {[%emt 0:02:24]} 16. Rfd1 {[%emt 0:05:44]} b5 {[%emt 0:02:29]} 17. a3 {[%emt 0:05:13]} Rb8 {[%emt 0:02:56]} 18. e4 {[%emt 0:09:52]} cxd4 {[%emt 0:02:01]} 19. Rxd4 {[%emt 0:03:29]} dxe4 {[%emt 0:04:08]} 20. Nxe4 {[%emt 0:09:19]} Nxe5 {[%emt 0:04:34]} 21. Qg3 {[%emt 0:01:49]} f6 {[%emt 0:01:03]} 22. Rc5 {[%emt 0:06:56]} Kh8 {[%emt 0:03:26]} 23. f4 {[%emt 0:05:02]} Nf7 {[%emt 0:02:22]} 24. b4 {[%emt 0:04:43]} f5 {[%emt 0:05:01]} 25. Nc3 {[%emt 0:04:25]} Rd8 {[%emt 0:01:07]} 26. Rxd8+ {[%emt 0:01:05]} Qxd8 {[%emt 0:00:42]} 27. Qe3 {[%emt 0:01:26]} Re7 {[%emt 0:01:33]} 28. Rc6 {[%emt 0:02:05]} e5 {[%emt 0:01:22]} 29. Qc5 {[%emt 0:03:28]} Qd2 {[%emt 0:02:04]} 30. h3 {[%emt 0:01:32]} Qc1+ {[%emt 0:01:06]} 31. Kh2 {[%emt 0:00:31]} Qxf4+ {[%emt 0:00:07]} 32. Kh1 {[%emt 0:00:15]} Rd7 {[%emt 0:02:39]} 33. Nd5 {[%emt 0:05:11]} Qe4 {[%emt 0:01:00]} 34. Rxh6+ {[%emt 0:02:52]} Nxh6 {[%emt 0:02:06]} 35. Qc8+ {[%emt 0:00:09]} Kh7 {[%emt 0:00:35]} 36. Qxd7 {[%emt 0:00:15]} Qe1+ {[%emt 0:00:17]} 37. Kh2 {[%emt 0:00:02]} Qh4 {[%emt 0:00:29]} 38. Kh1 {[%emt 0:02:12]} e4 {[%emt 0:00:38]} 39. Qe6 {[%emt 0:00:49]} Qg5 {[%emt 0:00:34]} 40. Kh2 {[%emt 0:00:45]} Qh4 {[%emt 0:00:48]} 41. Kg1 {[%emt 0:00:57]} Qe1+ {[%emt 0:00:18]} 42. Kh2 {[%emt 0:00:04]} Qh4 {[%emt 0:00:17]} 43. Kg1 {[%emt 0:00:03]} Qe1+ {[%emt 0:00:32]} 44. Kh2 {[%emt 0:00:05]} Qh4 {[%emt 0:00:19]} 1/2-1/2

[Event "EYCC Girls U16 2021"]
[Site "Tornelo"]
[Date "2021.10.15"]
[Round "8.2"]
[White "Allahverdiyeva, Ayan"]
[Black "Tsotsonava, Elene"]
[Result "1-0"]
[WhiteElo "2051"]
[BlackElo "1887"]
[Annotator "ChessBase"]
[PlyCount "67"]
[EventDate "2021.10.15"]
[EventType "swiss"]
[EventCountry "NET"]
[SourceTitle "playchess.com"]
[Source "ChessBase"]
[SourceQuality "1"]
[TimeControl "5400+30"]

1. e4 {[%emt 0:00:30]} c5 {[%emt 0:00:36]} 2. Nf3 {[%emt 0:00:04]} e6 {[%emt 0:00:06]} 3. d4 {[%emt 0:00:04]} cxd4 {[%emt 0:00:05]} 4. Nxd4 {[%emt 0:00:01]} a6 {[%emt 0:00:05]} 5. c4 {[%emt 0:00:43]} Qc7 {[%emt 0:00:12]} 6. Nc3 {[%emt 0:05:20]} Nf6 {[%emt 0:00:13]} 7. a3 {[%emt 0:02:31]} Nxe4 {[%emt 0:00:40]} 8. Nxe4 {[%emt 0:01:43]} Qe5 {[%emt 0:00:08]} 9. Be3 {[%emt 0:12:23]} Qxe4 {[%emt 0:00:10]} 10. Nf3 {[%emt 0:05:48]} Qg6 {[%emt 0:11:04]} 11. h4 {[%emt 0:12:36]} Nc6 {[%emt 0:16:36]} 12. Qd2 {[%emt 0:11:21]} h5 {[%emt 0:06:40]} 13. Bd3 {[%emt 0:06:25]} f5 {[%emt 0:04:53]} 14. Rh3 {[%emt 0:03:38]} d6 {[%emt 0:08:28]} 15. O-O-O {[%emt 0:09:30]} Bd7 {[%emt 0:02:49]} 16. Bg5 {[%emt 0:03:18]} Be7 {[%emt 0:10:48]} 17. Bxe7 {[%emt 0:02:40]} Nxe7 {[%emt 0:07:11]} 18. Bc2 {[%emt 0:01:29]} Nc8 {[%emt 0:01:13]} 19. Ne5 {[%emt 0:03:39]} Qf6 {[%emt 0:00:50]} 20. Nxd7 {[%emt 0:01:15]} Kxd7 {[%emt 0:00:05]} 21. c5 {[%emt 0:01:34]} d5 {[%emt 0:02:29]} 22. Rb3 {[%emt 0:09:20]} Rb8 {[%emt 0:06:12]} 23. Kb1 {[%emt 0:04:38]} Rd8 {[%emt 0:04:03]} 24. Qf4 {[%emt 0:00:48]} Ne7 {[%emt 0:01:40]} 25. Rb6 {[%emt 0:00:03]} Nc6 {[%emt 0:01:44]} 26. Ba4 {[%emt 0:00:07]} e5 {[%emt 0:05:00]} 27. Rxd5+ {[%emt 0:00:09]} Kc7 {[%emt 0:01:49]} 28. Qd2 {[%emt 0:01:39]} Qxh4 {[%emt 0:01:56]} 29. Bxc6 {[%emt 0:00:37]} bxc6 {[%emt 0:01:27]} 30. Rd6 {[%emt 0:00:20]} Qe4+ {[%emt 0:00:55]} 31. Ka1 {[%emt 0:00:05]} Qxg2 {[%emt 0:00:45]} 32. Rxb8 {[%emt 0:00:17]} Rxb8 {[%emt 0:00:39]} 33. Qa5+ {[%emt 0:00:26]} Kb7 {[%emt 0:00:36]} 34. Rd7+ {[%emt 0:00:02]} 1-0

[Event "EYCC Girls U16 2021"]
[Site "Tornelo"]
[Date "2021.10.15"]
[Round "8.3"]
[White "Bashylina, Luisa"]
[Black "Zvereva, Margarita"]
[Result "0-1"]
[WhiteElo "2127"]
[BlackElo "2013"]
[Annotator "ChessBase"]
[PlyCount "64"]
[EventDate "2021.10.15"]
[EventType "swiss"]
[EventCountry "NET"]
[SourceTitle "playchess.com"]
[Source "ChessBase"]
[SourceQuality "1"]
[TimeControl "5400+30"]

1. d4 {[%emt 0:00:30]} d5 {[%emt 0:00:36]} 2. c4 {[%emt 0:00:04]} dxc4 {[%emt 0:00:06]} 3. e3 {[%emt 0:00:06]} Nf6 {[%emt 0:00:23]} 4. Bxc4 {[%emt 0:00:05]} a6 {[%emt 0:00:19]} 5. Nf3 {[%emt 0:00:06]} e6 {[%emt 0:00:07]} 6. Nc3 {[%emt 0:00:06]} b5 {[%emt 0:01:20]} 7. Be2 {[%emt 0:00:04]} Bb7 {[%emt 0:00:12]} 8. O-O {[%emt 0:00:05]} Nbd7 {[%emt 0:00:10]} 9. a3 {[%emt 0:09:39]} c5 {[%emt 0:02:31]} 10. dxc5 {[%emt 0:00:43]} Bxc5 {[%emt 0:02:05]} 11. b4 {[%emt 0:00:07]} Be7 {[%emt 0:03:56]} 12. Bb2 {[%emt 0:00:28]} O-O {[%emt 0:00:50]} 13. Qb3 {[%emt 0:03:11]} Nd5 {[%emt 0:11:20]} 14. Rfd1 {[%emt 0:03:36]} Bf6 {[%emt 0:06:00]} 15. Nd4 {[%emt 0:03:32]} Nxc3 {[%emt 0:08:20]} 16. Bxc3 {[%emt 0:00:20]} Qe7 {[%emt 0:02:16]} 17. a4 {[%emt 0:10:16]} bxa4 {[%emt 0:08:55]} 18. Rxa4 {[%emt 0:02:58]} Nb6 {[%emt 0:00:57]} 19. Ra5 {[%emt 0:02:04]} Nd5 {[%emt 0:03:11]} 20. Be1 {[%emt 0:00:54]} Qc7 {[%emt 0:07:12]} 21. Bf3 {[%emt 0:16:05]} Rac8 {[%emt 0:06:05]} 22. Be2 {[%emt 0:02:53]} Qb6 {[%emt 0:08:39]} 23. b5 {[%emt 0:05:26]} Bxd4 {[%emt 0:03:47]} 24. Rxd4 {[%emt 0:05:10]} Rc1 {[%emt 0:02:08]} 25. Rd1 {[%emt 0:01:25]} Rfc8 {[%emt 0:04:11]} 26. Bd2 {[%emt 0:14:54]} Nc3 {[%emt 0:07:38]} 27. Bxc3 {[%emt 0:07:44]} R8xc3 {[%emt 0:00:13]} 28. Qa4 {[%emt 0:01:21]} Rxd1+ {[%emt 0:02:59]} 29. Bxd1 {[%emt 0:00:10]} Rc1 {[%emt 0:01:38]} 30. bxa6 {[%emt 0:01:57]} Bc6 {[%emt 0:01:05]} 31. a7 {[%emt 0:07:03]} Qxa5 {[%emt 0:00:30]} 32. a8=Q+ {[%emt 0:00:26]} Qxa8 {[%emt 0:00:10]} 0-1

[Event "EYCC Girls U16 2021"]
[Site "Tornelo"]
[Date "2021.10.15"]
[Round "8.4"]
[White "Mihelic, Vesna"]
[Black "Hakobyan, Astghik"]
[Result "0-1"]
[WhiteElo "1882"]
[BlackElo "2017"]
[Annotator "ChessBase"]
[PlyCount "150"]
[EventDate "2021.10.15"]
[EventType "swiss"]
[EventCountry "NET"]
[SourceTitle "playchess.com"]
[Source "ChessBase"]
[SourceQuality "1"]
[TimeControl "5400+30"]

1. e4 {[%emt 0:00:30]} c6 {[%emt 0:00:34]} 2. Nf3 {[%emt 0:00:12]} d5 {[%emt 0:00:11]} 3. d3 {[%emt 0:00:08]} Qc7 {[%emt 0:01:13]} 4. c4 {[%emt 0:02:24]} dxe4 {[%emt 0:01:23]} 5. dxe4 {[%emt 0:00:09]} e5 {[%emt 0:00:03]} 6. Be2 {[%emt 0:01:29]} Nf6 {[%emt 0:02:17]} 7. Qc2 {[%emt 0:01:19]} Bc5 {[%emt 0:02:37]} 8. O-O {[%emt 0:02:22]} O-O {[%emt 0:00:09]} 9. Bg5 {[%emt 0:03:15]} Nbd7 {[%emt 0:00:33]} 10. a3 {[%emt 0:03:09]} a5 {[%emt 0:00:14]} 11. Nc3 {[%emt 0:00:34]} h6 {[%emt 0:03:29]} 12. Bh4 {[%emt 0:00:35]} Nh5 {[%emt 0:00:30]} 13. Na4 {[%emt 0:03:26]} Nf4 {[%emt 0:05:36]} 14. Bg3 {[%emt 0:03:05]} b6 {[%emt 0:04:22]} 15. Rad1 {[%emt 0:09:51]} Be7 {[%emt 0:11:33]} 16. Rd2 {[%emt 0:08:04]} Nc5 {[%emt 0:12:44]} 17. Rfd1 {[%emt 0:02:07]} Bg4 {[%emt 0:06:12]} 18. Bxf4 {[%emt 0:08:12]} exf4 {[%emt 0:00:11]} 19. Nxc5 {[%emt 0:04:15]} Bxc5 {[%emt 0:00:21]} 20. h3 {[%emt 0:02:51]} Bxf3 {[%emt 0:04:50]} 21. Bxf3 {[%emt 0:00:36]} Rad8 {[%emt 0:00:07]} 22. Qc3 {[%emt 0:01:26]} Bd6 {[%emt 0:09:19]} 23. Qd3 {[%emt 0:06:24]} Be7 {[%emt 0:01:54]} 24. Qe2 {[%emt 0:00:53]} Qe5 {[%emt 0:01:37]} 25. Rxd8 {[%emt 0:02:16]} Rxd8 {[%emt 0:00:55]} 26. Rxd8+ {[%emt 0:00:34]} Bxd8 {[%emt 0:00:03]} 27. b4 {[%emt 0:03:08]} Bf6 {[%emt 0:04:30]} 28. Qd3 {[%emt 0:09:37]} Qa1+ {[%emt 0:03:11]} 29. Bd1 {[%emt 0:00:40]} Bd4 {[%emt 0:00:36]} 30. bxa5 {[%emt 0:02:13]} bxa5 {[%emt 0:00:28]} 31. a4 {[%emt 0:02:23]} Qb2 {[%emt 0:01:04]} 32. Qc2 {[%emt 0:03:03]} Qb4 {[%emt 0:00:25]} 33. Qe2 {[%emt 0:00:20]} Qc3 {[%emt 0:00:10]} 34. Kf1 {[%emt 0:00:17]} g6 {[%emt 0:00:34]} 35. Qc2 {[%emt 0:00:26]} Qb4 {[%emt 0:01:08]} 36. Qb3 {[%emt 0:02:01]} Qc5 {[%emt 0:00:40]} 37. Qc2 {[%emt 0:00:16]} Kg7 {[%emt 0:00:06]} 38. h4 {[%emt 0:02:05]} Bf6 {[%emt 0:01:48]} 39. h5 {[%emt 0:05:12]} gxh5 {[%emt 0:01:07]} 40. Qd3 {[%emt 0:01:06]} Bd4 {[%emt 0:02:04]} 41. Qe2 {[%emt 0:04:24]} Kg6 {[%emt 0:02:34]} 42. Bc2 {[%emt 0:00:19]} Kf6 {[%emt 0:02:03]} 43. Kg1 {[%emt 0:00:21]} Ke7 {[%emt 0:02:00]} 44. Bd1 {[%emt 0:00:38]} h4 {[%emt 0:01:52]} 45. Qf3 {[%emt 0:02:31]} Qg5 {[%emt 0:00:54]} 46. Kh2 {[%emt 0:00:27]} Kd6 {[%emt 0:00:53]} 47. Kh3 {[%emt 0:00:49]} Ke5 {[%emt 0:01:25]} 48. Bc2 {[%emt 0:00:49]} Kd6 {[%emt 0:03:11]} 49. Bb1 {[%emt 0:00:58]} h5 {[%emt 0:01:11]} 50. Bc2 {[%emt 0:00:31]} Kc5 {[%emt 0:01:23]} 51. Qa3+ {[%emt 0:00:14]} Kb6 {[%emt 0:00:03]} 52. Qb3+ {[%emt 0:00:19]} Kc7 {[%emt 0:00:54]} 53. Qf3 {[%emt 0:00:11]} f6 {[%emt 0:01:36]} 54. Bd3 {[%emt 0:00:18]} Kd6 {[%emt 0:00:11]} 55. Bc2 {[%emt 0:00:09]} Ke5 {[%emt 0:00:34]} 56. Qa3 {[%emt 0:01:27]} Qg4+ {[%emt 0:02:25]} 57. Kh2 {[%emt 0:00:06]} Bxf2 {[%emt 0:00:54]} 58. Qe7+ {[%emt 0:00:14]} Qe6 {[%emt 0:00:34]} 59. Qc7+ {[%emt 0:00:12]} Qd6 {[%emt 0:00:02]} 60. Qxa5+ {[%emt 0:00:10]} Ke6 {[%emt 0:00:01]} 61. Qf5+ {[%emt 0:00:14]} Ke7 {[%emt 0:00:13]} 62. Qh7+ {[%emt 0:00:07]} Kd8 {[%emt 0:00:07]} 63. Kh1 {[%emt 0:01:04]} Qd2 {[%emt 0:01:56]} 64. Qg8+ {[%emt 0:01:33]} Kc7 {[%emt 0:00:11]} 65. Qf7+ {[%emt 0:00:07]} Kb6 {[%emt 0:00:08]} 66. Qxh5 {[%emt 0:01:12]} Qxc2 {[%emt 0:01:08]} 67. a5+ {[%emt 0:00:08]} Ka6 {[%emt 0:00:05]} 68. Qe8 {[%emt 0:00:22]} Qxc4 {[%emt 0:00:58]} 69. Qa8+ {[%emt 0:00:14]} Kb5 {[%emt 0:00:40]} 70. a6 {[%emt 0:00:32]} h3 {[%emt 0:01:15]} 71. Qb7+ {[%emt 0:00:32]} Ka5 {[%emt 0:00:26]} 72. Qb1 {[%emt 0:00:29]} Kxa6 {[%emt 0:01:00]} 73. gxh3 {[%emt 0:00:16]} Qe2 {[%emt 0:00:38]} 74. Qc1 {[%emt 0:01:47]} Qf3+ {[%emt 0:00:10]} 75. Kh2 {[%emt 0:00:11]} Qg3+ {[%emt 0:00:02]} 0-1